[Event "Bad Woerishofen op"]
[Site "Bad Woerishofen"]
[Date "2001.??.??"]
[Round "6"]
[White "Naegele, Thomas"]
[Black "Kniest, Oliver"]
[Result "0-1"]
[WhiteElo "2189"]
[BlackElo "2306"]
[Annotator "ChessOrg"]
[PlyCount "160"]
[EventDate "1998.03.05"]
[Source "ChessBase"]
[SourceDate "1998.04.29"]

1. e4 {C78: Spanische Partie (Archangelsk- und Moeller-Variante)} 1... e5 2.
Nf3 Nc6 3. Bb5 a6 4. Ba4 Nf6 5. O-O b5 6. Bb3 Bb7 7. Re1 Bc5 8. c3 d6 9. d4 Bb6
10. Be3 O-O 11. Nbd2 h6 12. h3 exd4 13. cxd4 Nb4 14. d5 {letzter Buchzug} 14...
Nd3 15. Re2 Nh5 16. Bxb6 cxb6 17. Nf1 Ndf4 18. Re3 Qf6 19. Nd4 Bc8 20. Nh2 (20.
Rc1 Qg6 21. Ng3 Nxg3 22. fxg3 22... Nh5 $16) 20... Qg5 $11 21. Ng4 Nxg2 22.
Kxg2 Nf4+ 23. Kh2 (23. Kg3 23... Ng6 $16) 23... h5 $11 24. Nf5 Bxf5 25. exf5
hxg4 (25... Qxf5 26. Rg3 hxg4 27. Qxg4 Qxg4 28. Rxg4 $15) 26. Qxg4 $14 (26.
hxg4 $143 26... Qh4+ 27. Kg1 Nh3+ 28. Rxh3 28... Qxh3 $19) 26... Qxg4 27. hxg4
Rfe8 28. Rae1 Kf8 29. Kg3 Nd3 30. R1e2 Rac8 31. Rxe8+ Rxe8 32. Rd2 Nc5 33. Bc2
b4 34. Kf3 Re1 35. Rd1 Re5 36. Rd4 a5 37. Bd3 Re1 38. Bc4 Rc1 39. Bd3 b3 40.
axb3 Nxb3 41. Rf4 Rc5 42. Ke3 Rxd5 43. Bc4 (43. Bc2 43... Nc5 $17) 43... Re5+
44. Kd3 Nc5+ 45. Kd4 f6 46. Bd3 a4 47. Kc3 Ke7 48. Rb4 Nxd3 49. Kxd3 b5 50. Rd4
(50. f4 50... Rc5 $17) 50... Rc5 (50... Kd7 51. f4 Re1 52. Kc3 $19) 51. Re4+
$17 51... Kd7 52. Re1 Rc4 53. f3 Rb4 54. Kc2 Rb3 55. Rf1 (55. Rh1 Rxf3 56. Rh7
56... b4 $17) 55... d5 56. Rh1 Rxf3 57. Rh7 Rg3 58. Rxg7+ Kd6 59. Rf7 Rxg4 60.
Rxf6+ Ke5 61. Rf8 Kd4 (61... Rf4 $5 62. Rb8 $19) 62. f6 Rg2+ 63. Kb1 Rf2 64. f7
b4 (64... Kd3 $142 65. Rb8 Rxf7 66. Rxb5 66... d4 $17) 65. Ra8 $2 (65. Rb8 $142
65... Rf1+ 66. Ka2 Rxf7 67. Rxb4+ Kd3 68. Rxa4 $11) 65... Rxf7 $19 66. Rxa4 Kc4
67. Ra5 Rf1+ (67... d4 68. Ka2 $19) 68. Kc2 Rf2+ 69. Kc1 d4 (69... b3 $5 70.
Ra3 $19) 70. Rh5 Rf1+ 71. Kd2 b3 72. Rh3 (72. Rh8 Rf2+ 73. Kc1 Rc2+ 74. Kb1
74... d3 $19) 72... Rf2+ (72... Rb1 $5 $142 73. Rh8 Rxb2+ 74. Kc1 $19) 73. Kc1
Rc2+ 74. Kb1 Re2 75. Kc1 (75. Rh1 d3 76. Kc1 Rc2+ 77. Kb1 d2 78. Rg1 Kd3 79.
Rg3+ Ke2 80. Rxb3 d1=Q+ 81. Ka2 Qd5 82. Kb1 Qxb3 83. Ka1 Qxb2#) 75... Re3 (
75... Re1+ 76. Kd2 Rb1 77. Rh8 Rxb2+ 78. Kc1 $19) 76. Rh2 (76. Rh8 76... Rg3
$19) 76... Re1+ 77. Kd2 Rb1 78. Rh8 Rxb2+ 79. Kc1 Rg2 80. Rc8+ Kd3 (80... Kd3
81. Rb8 Rc2+ 82. Kd1 Rd2+ 83. Kc1 b2+ 84. Kb1 84... Rf2 $19) 0-1

[Event "Bad Woerishofen op"]
[Site "Bad Woerishofen"]
[Date "2001.??.??"]
[Round "8"]
[White "Naegele, Thomas"]
[Black "Rahls, Peter"]
[Result "0-1"]
[WhiteElo "2189"]
[BlackElo "2308"]
[Annotator "ChessOrg"]
[PlyCount "64"]
[EventDate "1998.03.05"]
[Source "ChessBase"]
[SourceDate "1998.04.29"]

1. e4 {B80: Sizilianisch (Scheveninger System)} 1... c5 2. Nf3 e6 3. d4 cxd4 4.
Nxd4 Nf6 5. Nc3 d6 6. g3 Nc6 7. Bg2 Be7 8. O-O O-O 9. Be3 Ne5 10. Qe2 a6 11. a4
Qc7 12. Kh1 {letzter Buchzug} 12... Re8 13. f4 Nc4 14. Bc1 e5 15. Nf5 Bxf5 16.
exf5 Bf8 17. Qd3 exf4 18. Rxf4 Re1+ 19. Rf1 Ng4 20. Ne4 (20. Qd4 Rxf1+ 21. Bxf1
21... Nce5 $14) 20... Rxf1+ (20... Re8 21. Rxe1 Nf2+ 22. Nxf2 Rxe1+ 23. Bf1
Qc6+ 24. Kg1 $17) 21. Bxf1 Nce5 22. Qb3 d5 23. Nc3 (23. Qxd5 $2 23... Rd8 (
23... Qxc2 $6 24. Bg2 $17) 24. Qb3 24... Qc6 $19) 23... Qd7 24. Bf4 Qxf5 25. h3
(25. Bxe5 $5 $142 25... Qxe5 26. Qxb7 $11) 25... Nf2+ $17 26. Kh2 d4 27. Nd5
Rd8 (27... Rc8 28. Bg2 $17) 28. Bg2 d3 (28... Bc5 29. Bxe5 Qxe5 30. Qxb7 d3 31.
cxd3 31... Bd6 $15 (31... Nxd3 32. Qxa6 Nxb2 33. Qa5 $16)) 29. Ne3 (29. cxd3 $5
$142 29... Nexd3 30. Qxb7 $11) 29... Qh5 $17 30. Kg1 $2 (30. Qb6 Re8 31. Bxe5
31... Rxe5 $19 (31... Qxe5 $143 32. Nc4 Qc5 33. cxd3 $17)) 30... Qe2 (30... Bc5
31. Kxf2 Qe2+ 32. Kg1 dxc2 33. Bxe5 Rd1+ 34. Kh2 Rxa1 35. Qxc2 Qxe3 36. h4 Qxe5
37. Bxb7 $19) 31. Bxe5 (31. Rf1 dxc2 32. Bxe5 Bc5 33. Qxc2 33... Qxe3 $19)
31... Qxe3 32. Bf4 $4 (32. Bc7 Rc8 33. Bb6 Nxh3+ 34. Kh2 $19) 32... Nxh3+ (
32... Nxh3+ 33. Kh1 Nxf4 34. gxf4 34... Qxf4 $19) 0-1

[Event "Bad Woerishofen op"]
[Site "Bad Woerishofen"]
[Date "2001.??.??"]
[Round "2"]
[White "Oberhofer, Max"]
[Black "Levin, Felix"]
[Result "0-1"]
[WhiteElo "2219"]
[BlackElo "2531"]
[Annotator "ChessOrg"]
[PlyCount "90"]
[EventDate "1998.03.05"]
[Source "ChessBase"]
[SourceDate "1998.04.29"]

1. Nf3 {A04: Hollaendisches System} 1... b6 2. g3 Bb7 3. Bg2 e5 4. d3 g6 5. O-O
{letzter Buchzug} 5... Bg7 6. c4 Ne7 7. Nc3 O-O 8. Rb1 h6 9. Qc2 d6 10. b4 Nd7
11. Bb2 Qc8 12. d4 (12. Rbc1 $5 $11) 12... exd4 $15 13. Nb5 a5 14. a3 axb4 15.
axb4 Nc6 16. Qb3 Re8 17. Rfe1 Re7 18. Rbd1 Nde5 19. Nfxd4 Nxd4 20. Nxd4 Bxg2
21. Kxg2 Qb7+ 22. f3 Nc6 23. Nc2 (23. Nxc6 Qxc6 24. Bxg7 24... Kxg7 $11) 23...
Bxb2 $15 24. Qxb2 b5 25. cxb5 Qxb5 26. e4 Qc4 27. Rd2 (27. Ne3 $5 27... Qxb4
28. Rb1 Qxb2+ 29. Rxb2 $11) 27... Ra2 $17 28. Ne3 Rxb2 29. Nxc4 Rxd2+ (29...
Rxb4 $143 30. Ne3 Rd4 31. Rxd4 Nxd4 32. Nd5 $14) 30. Nxd2 Nxb4 31. Rb1 Na6 32.
Rb7 (32. Nb3 32... Re5 $17) 32... f5 33. Kf2 Nc5 34. Ra7 Kf7 35. exf5 Nd3+ 36.
Kg1 gxf5 37. f4 Re1+ (37... c5 38. Rxe7+ Kxe7 39. Kf1 $17) 38. Nf1 Rc1 39. Kg2
Rc2+ 40. Kf3 Ke6 41. Ke3 (41. Ra8 Ne1+ 42. Ke3 Ng2+ 43. Kd3 43... Rc1 $17)
41... Nb4 42. Rb7 Nd5+ 43. Kd3 Rf2 44. Rb1 c5 45. Kc4 $4 (45. Re1+ $142 45...
Kd7 46. h3 $17) 45... Rxf1 $19 (45... Rxf1 46. Rb2 Rc1+ 47. Kd3 Rd1+ 48. Rd2
c4+ 49. Ke2 49... Rb1 $19) 0-1

[Event "Bad Woerishofen op"]
[Site "Bad Woerishofen"]
[Date "2001.??.??"]
[Round "4"]
[White "Oberhofer, Max"]
[Black "Wawor, Gerhard"]
[Result "1-0"]
[WhiteElo "2219"]
[BlackElo "1887"]
[Annotator "ChessOrg"]
[PlyCount "75"]
[EventDate "1998.03.05"]
[Source "ChessBase"]
[SourceDate "1998.04.29"]

1. d4 {A46: Damenbauernspiele} 1... e6 2. Nf3 Nf6 3. g3 b5 4. a4 b4 5. Bg2 Bb7
6. O-O c5 7. c4 {letzter Buchzug} 7... Na6 8. d5 (8. Be3 8... d5 $11) 8... d6 (
8... exd5 $5 $142 9. Nfd2 9... Qb6 $17) 9. Nh4 Qe7 10. e4 O-O-O 11. f4 g6 12.
e5 Ne8 13. Re1 dxe5 (13... Nac7 14. Qg4 $15) 14. fxe5 $11 14... g5 15. Nf3 h6 (
15... exd5 $143 16. Bxg5 dxc4 17. Bxe7 Rxd1 18. Rxd1 Bxe7 19. Bh3+ Kb8 20. Rd7
Bxf3 21. Rxe7 $18) 16. d6 (16. Qe2 $11) 16... Nxd6 (16... Qd7 $5 $15 $142) 17.
exd6 $14 17... Rxd6 18. Qe2 Bg7 19. Nbd2 f5 20. Ne5 Rhd8 21. Bxb7+ Qxb7 22.
Ndf3 Qc7 23. b3 Nb8 24. Ra2 g4 25. Nh4 Bxe5 (25... Rd4 $142 26. Neg6 26... Re4
$14) 26. Qxe5 $18 26... Qb6 27. a5 Qc6 28. Bf4 Kb7 29. Qe2 (29. Rae2 $5 29...
Rd1 $18) 29... Rd3 30. Rb2 Qd7 (30... R3d4 31. Qxe6 Re4 32. Rxe4 fxe4 33. Qxg4
$18) 31. Qxe6 Qd4+ (31... Nc6 32. a6+ Kxa6 33. Nxf5 $18) 32. Rf2 Rxb3 33. Nxf5
Qd7 34. Qd5+ (34. a6+ Nxa6 35. Nd6+ Kb6 36. Nf7+ Ka5 37. Nxd8 Qxd8 38. Rd2 $18)
34... Ka6 $4 (34... Qxd5 35. cxd5 Rxd5 36. Bxb8 Kxb8 37. Nxh6 $18) 35. Rd2 (35.
Re6+ Qxe6 36. Qxe6+ Kxa5 37. Ra2+ Ra3 38. Bc7+ Ka4 39. Rxa3+ bxa3 40. Bxd8
40... a2 $18) 35... Rd3 (35... Qxd5 36. cxd5 36... h5 $18) 36. Red1 (36. Re6+
$142 36... Qxe6 37. Qxe6+ Kxa5 38. Ra2+ Ra3 39. Bc7+ Ka4 40. Rxa3+ bxa3 41.
Bxd8 41... a2 $18) 36... Qc6 $4 (36... Rxd5 37. Rxd5 Qxf5 38. Rxd8 38... Nc6
$14) 37. Qxc6+ $18 37... Nxc6 38. Rxd3 (38. Rxd3 Rxd3 39. Rxd3 Nxa5 40. Ne3 $18
) 1-0

[Event "Bad Woerishofen op"]
[Site "Bad Woerishofen"]
[Date "2001.??.??"]
[Round "6"]
[White "Oberhofer, Max"]
[Black "Teich, Udo"]
[Result "1-0"]
[WhiteElo "2219"]
[BlackElo "2119"]
[Annotator "ChessOrg"]
[PlyCount "103"]
[EventDate "1998.03.05"]
[Source "ChessBase"]
[SourceDate "1998.04.29"]

1. g3 {A00: Unregelmaessige Eroeffnungen} 1... d5 2. Bg2 e5 3. d3 g6 4. c4 dxc4
5. Qa4+ c6 6. Qxc4 Bg7 7. Nf3 7... Be6 {letzter Buchzug} 8. Qc2 h6 9. Nc3 Ne7
10. O-O O-O 11. Bd2 Nd7 12. Ne4 Nd5 13. a3 Qe7 14. Rfc1 Rfc8 15. b4 b6 16. Qa4
f5 17. Nc3 Qf7 18. Rab1 (18. e4 18... N5f6 $11) 18... Ne7 19. e3 (19. Qa6 19...
Rc7 $11) 19... a5 $15 20. Qd1 axb4 21. axb4 Rd8 22. Qc2 Ra7 23. Ne1 Nd5 (23...
Nf6 24. e4 $15) 24. Nxd5 cxd5 25. Qc6 Rb8 26. Ra1 Rbb7 27. Rxa7 Rxa7 28. Nc2
Ra2 29. Bc3 g5 30. b5 Bf8 31. Nb4 Bxb4 32. Bxb4 e4 33. d4 f4 34. Be1 (34. exf4
$142 34... gxf4 35. gxf4 $14) 34... fxe3 $15 35. fxe3 $2 (35. Rc2 $142 35...
Nb8 36. Qc3 exf2+ 37. Rxf2 Rxf2 38. Bxf2 $17) 35... Rxg2+ $1 $19 36. Kxg2 36...
Qf3+ $4 (36... Bh3+ 37. Kxh3 Qf1+ 38. Kg4 Nf6+ 39. Qxf6 Qxf6 40. Rc8+ Kf7 41.
Rc7+ 41... Ke8 $19) 37. Kg1 $16 37... Nf8 38. Qc2 Qxe3+ 39. Bf2 Qf3 40. Re1 Bh3
41. Be3 Ne6 42. Qf2 Qg4 43. Ra1 Nf8 44. Re1 (44. Bd2 44... Nd7 $16) 44... Ne6
$16 45. Qf6 45... Ng7 $4 (45... Qh5 $16 $142) 46. Qxh6 $18 46... Qh5 47. Qxg5 (
47. Qxh5 Nxh5 48. Rc1 Nf6 49. Bxg5 49... Ng4 $18) 47... Qf3 $2 (47... Qxg5 48.
Bxg5 48... Nf5 $18) 48. Qxd5+ Kf8 49. Qa8+ Kf7 50. Qa2+ Kg6 51. Qf2 (51. d5 Nf5
52. Qe2 Qxe2 53. Rxe2 53... Bg4 $18) 51... Qg4 (51... Nf5 52. d5 Nd6 53. Rb1
$18) 52. Qf4 (52. Qf4 Qxf4 53. Bxf4 $18) (52. d5 $5 $142 52... Nf5 $18) 1-0

[Event "Bad Woerishofen op"]
[Site "Bad Woerishofen"]
[Date "2001.??.??"]
[Round "8"]
[White "Oberhofer, Max"]
[Black "Taufratshofer, Martin"]
[Result "1/2-1/2"]
[WhiteElo "2219"]
[BlackElo "2093"]
[Annotator "ChessOrg"]
[PlyCount "118"]
[EventDate "1998.03.05"]
[Source "ChessBase"]
[SourceDate "1998.04.29"]

1. d4 {D78: Gruenfeld-Verteidigung (3.g3)} 1... g6 2. Nf3 Bg7 3. g3 Nf6 4. Bg2
O-O 5. O-O d5 6. c4 c6 7. Nbd2 Bf5 8. b3 a5 9. a3 Ne4 10. Bb2 10... Qb6 {
letzter Buchzug} 11. c5 Qc7 12. Nh4 Nxd2 (12... Nxc5 13. Ra2 Ne4 14. Nxe4 Bxe4
15. f3 $11) 13. Qxd2 $14 13... Bg4 14. f3 Be6 15. Rad1 Nd7 16. Kh1 Nf6 17. Qd3
Nh5 18. f4 f5 19. Nf3 Nf6 20. Bc3 Ne4 21. Ne5 Bf6 22. Bf3 Kg7 23. Kg2 (23. Qe3
23... Bf7 $14) 23... h5 (23... Bxe5 24. fxe5 f4 25. gxf4 (25. Bxe4 dxe4 26. Qc2
f3+ 27. exf3 exf3+ 28. Kg1 28... Bd5 $15) 25... Rxf4 26. Be1 $15) 24. h4 (24.
Ba1 Bxe5 25. fxe5 25... Qd7 $11) 24... Ra7 (24... Bxe5 25. fxe5 f4 26. gxf4
Rxf4 27. Rh1 $15) 25. Rb1 (25. Bb2 25... b6 $11) 25... Rfa8 (25... Bxe5 26.
dxe5 (26. fxe5 $143 26... f4 $17) 26... Nxc5 27. Qe3 $15) 26. Rb2 Bc8 27. Rfb1
Qd8 28. Qe3 Qc7 29. Bd2 Qd8 30. Rc1 Qh8 31. Qg1 Qg8 32. Qd1 Qe8 33. Qc2 Be6 34.
Rcb1 Bc8 35. e3 Qg8 36. Nd3 Qd8 37. Be1 Qg8 38. Ra2 Qd8 39. Nb2 b5 40. cxb6
Qxb6 41. Na4 Qc7 42. Rc1 Bd7 43. Nc5 Rb8 44. Qd3 Qb6 45. Rb2 (45. Nxe4 $2 45...
dxe4 46. Bxe4 fxe4 47. Qxe4 47... Qxb3 $19) (45. Nxd7 $6 45... Rxd7 46. b4 axb4
47. axb4 47... Rd6 $14) 45... Be8 46. Bxe4 (46. Nxe4 $143 46... dxe4 47. Bxe4
fxe4 48. Qxe4 48... Ra6 $17) 46... fxe4 (46... dxe4 $5 47. Qc2 47... Bf7 $14)
47. Qc2 $16 47... Kf7 48. Rcb1 e6 49. b4 a4 50. Nxa4 Qa6 (50... Qd8 51. Ra2
Rba8 52. Nc5 Rxa3 53. Rxa3 Rxa3 54. Bc3 $11) 51. Nc3 $16 51... Qc4 52. a4 Be7
53. b5 (53. Qe2 Qxe2+ 54. Rxe2 (54. Nxe2 $143 54... Rxa4 55. Kf2 55... Kf6 $15)
54... Rxb4 55. Rxb4 Bxb4 56. Nxe4 $14) 53... cxb5 $14 54. axb5 Rab7 55. b6 (55.
Qb3 Qd3 56. Bf2 56... Rc7 $16) 55... Bd8 $11 56. Rb4 Qc6 57. Qa2 Rxb6 58. Rxb6
Rxb6 59. Qa7+ Qc7 1/2-1/2

[Event "Bad Woerishofen op"]
[Site "Bad Woerishofen"]
[Date "2001.??.??"]
[Round "2"]
[White "Oud, Niek"]
[Black "Vonach, Bernd"]
[Result "1-0"]
[WhiteElo "2170"]
[BlackElo "1850"]
[Annotator "ChessOrg"]
[PlyCount "129"]
[EventDate "1998.03.05"]
[Source "ChessBase"]
[SourceDate "1998.04.29"]

1. d4 {D89: Gruenfeld-Verteidigung (Hauptfortsetzung, Aljechin-Variante)} 1...
Nf6 2. c4 g6 3. Nc3 d5 4. cxd5 Nxd5 5. e4 Nxc3 6. bxc3 Bg7 7. Bc4 O-O 8. Ne2 c5
9. Be3 Nc6 10. O-O cxd4 11. cxd4 Bg4 12. f3 Na5 13. Bd3 Be6 14. d5 Bxa1 15.
Qxa1 Re8 16. Bh6 f6 17. Rb1 Bd7 18. e5 18... Bf5 {letzter Buchzug} 19. Bxf5
gxf5 20. Nf4 Kf7 21. Qd4 21... Nc6 $2 (21... Qb8 $142 22. d6 22... Nc6 $14) 22.
e6+ $18 22... Kg8 23. Qf2 Kh8 24. dxc6 bxc6 25. Qc5 Rb8 26. Rc1 Qb6 27. Qxb6
Rxb6 (27... axb6 $2 28. Rxc6 Rec8 29. Rxc8+ Rxc8 30. Nd5 $18) 28. Nd3 (28. Kf2
28... Rd8 $16) 28... Reb8 (28... Rd8 29. Rc3 $16) 29. Kf2 Ra6 30. Rc2 Kg8 (
30... c5 31. Nxc5 Rc8 32. Rd2 $18) 31. Be3 Kg7 32. Bc5 Kf8 33. Nb4 Ra4 34. a3 (
34. Bxe7+ $5 34... Ke8 35. a3 Kxe7 36. Nxc6+ Kxe6 37. Nxb8 Rxa3 38. Rc6+ 38...
Ke7 $18) 34... Rc8 35. Nd3 f4 (35... Rb8 $18) 36. Bb4 a5 37. Nc5 (37. Bc5 $5
$142 37... Rd8 38. Nb2 Rad4 39. Bxd4 39... Rxd4 $18) 37... axb4 38. Nxa4 bxa3 (
38... Ra8 39. Nb6 Rxa3 40. Ke1 $16) 39. Ra2 Ra8 40. Rxa3 c5 41. Ra2 Kg7 42. Nc3
Rxa2+ 43. Nxa2 f5 44. Nc3 Kf6 45. Nd5+ Kxe6 46. Nxf4+ Kd6 47. Ke3 e5 48. Ne2
Kd5 49. Kd3 e4+ 50. fxe4+ fxe4+ 51. Ke3 Ke5 52. Nc3 h5 53. Nxe4 c4 54. Ng3 h4
55. Ne2 Kf5 56. Kf3 Kg5 57. Ke4 h3 (57... Kg4 58. Kd4 $18) 58. g3 Kg4 59. Nc3
Kg5 60. Kf3 (60. Nd5 60... Kh6 $18) 60... Kf5 61. g4+ Ke5 62. Kg3 Kd4 63. Nd1
Kd3 (63... Ke4 64. Kxh3 Kf4 65. Nc3 $18) 64. Nb2+ (64. g5 $142 64... Kd2 65. g6
65... Kxd1 $18) 64... Kd4 65. Nxc4 $1 (65. Nxc4 Ke4 66. Kxh3 $18) 1-0

[Event "Bad Woerishofen op"]
[Site "Bad Woerishofen"]
[Date "2001.??.??"]
[Round "5"]
[White "Oud, Niek"]
[Black "Sammut Briffa, Peter"]
[Result "1-0"]
[WhiteElo "2170"]
[BlackElo "2000"]
[Annotator "ChessOrg"]
[PlyCount "89"]
[EventDate "1998.03.05"]
[Source "ChessBase"]
[SourceDate "1998.04.29"]

1. d4 {E92: Koenigsindisch (Klassisches System)} 1... Nf6 2. c4 g6 3. Nc3 Bg7
4. e4 d6 5. Nf3 O-O 6. Be2 e5 7. dxe5 dxe5 8. Qxd8 Rxd8 9. Bg5 Re8 10. O-O-O c6
11. Nxe5 Nxe4 12. Nxe4 12... Bxe5 {letzter Buchzug} 13. f4 Bf5 14. Ng3 f6 15.
fxe5 (15. Nxf5 $143 15... Bxb2+ 16. Kd2 fxg5 17. Nh6+ Kg7 18. fxg5 18... Na6
$15) 15... fxg5 16. Nxf5 gxf5 17. Bh5 (17. Rhe1 Rxe5 18. Bd3 Rxe1 19. Rxe1
19... Na6 $14) 17... Rxe5 18. Rd8+ Kg7 19. Rhd1 b5 (19... Re4 $5 20. R8d4 Rxd4
21. Rxd4 21... g4 $11) 20. Rc8 bxc4 21. Rdd8 Rb5 22. Bf3 22... g4 $2 (22... Rb6
$14 $142) 23. Bxc6 $18 23... Nxc6 24. Rc7+ Ne7 25. Rxa8 (25. Rxe7+ $6 25... Kf6
26. Rxa8 Kxe7 27. Rxa7+ Kd6 28. Rxh7 28... Ra5 $16) 25... Kf6 (25... Re5 26.
Raxa7 Kf6 27. Ra6+ Re6 28. Rxe6+ Kxe6 29. Rxc4 $18) 26. Raxa7 (26. Rf8+ $142
26... Ke6 27. Re8 $18 (27. Rxc4 $6 27... Re5 $18) (27. Rxa7 $6 27... Nd5 $18))
26... Nd5 27. Rxc4 Ne3 28. Rc6+ Ke5 29. g3 Rd5 (29... h5 30. a4 Rb4 31. Re7+
Kd5 32. Rh6 $18 (32. Rxe3 $6 32... Kxc6 33. b3 f4 34. gxf4 34... Rxf4 $16)) 30.
Re7+ Kd4 31. Rc3 Nf1 32. Re2 h5 (32... Re5 33. Rf2 Ne3 34. Rd2+ Ke4 35. b4 $18)
33. Kd1 (33. Rf2 $142 33... Nxh2 34. Rxh2 $18) 33... Re5 34. Rxe5 Kxe5 35. a4
Nxh2 36. a5 f4 37. gxf4+ Kxf4 38. a6 g3 39. Rxg3 $1 39... Kxg3 40. a7 Ng4 41.
a8=Q h4 (41... Kf4 42. Qf8+ Kg5 43. Ke2 $18) 42. b4 h3 43. Ke2 h2 44. Qf3+ (44.
b5 $142 44... Ne5 $18) 44... Kh4 45. Qg2 (45. Qg2 Kg5 46. Kf3 $18) 1-0

[Event "Bad Woerishofen op"]
[Site "Bad Woerishofen"]
[Date "2001.??.??"]
[Round "6"]
[White "Oud, Niek"]
[Black "Mainka, Romuald"]
[Result "0-1"]
[WhiteElo "2170"]
[BlackElo "2476"]
[Annotator "ChessOrg"]
[PlyCount "68"]
[EventDate "1998.03.05"]
[Source "ChessBase"]
[SourceDate "1998.04.29"]

1. d4 {A87: Hollaendische Verteidigung (Leningrader Variante)} 1... f5 2. g3
Nf6 3. Bg2 g6 4. Nf3 Bg7 5. O-O O-O 6. c4 d6 7. Nc3 Qe8 8. e3 {letzter Buchzug}
8... e5 9. dxe5 dxe5 10. b3 e4 11. Nd4 Qe7 12. Bb2 c6 13. Qc1 Re8 14. Ba3 Qf7
15. Qc2 Nbd7 16. Rad1 Ne5 17. Bc1 Bd7 (17... Nd3 18. Ba3 $15) 18. f4 (18. f3 $5
18... c5 19. fxe4 cxd4 20. exd4 $14) 18... Nd3 $17 19. Bd2 Rad8 20. Nde2 Bc8
21. Nc1 Qe7 22. Nxd3 (22. h3 Nb4 23. Qb1 23... Nh5 $17) 22... exd3 23. Qc1 a6
24. Rde1 Qd6 25. Kh1 b5 26. e4 fxe4 27. Nxe4 Nxe4 28. Rxe4 Rxe4 29. Bxe4 Be6
30. cxb5 (30. f5 $5 30... gxf5 31. Bxf5 Bxf5 32. Rxf5 $15) 30... Bd5 $17 31.
Re1 axb5 32. Bg2 (32. Qd1 Bxe4+ 33. Rxe4 33... c5 $17) 32... c5 33. Ba5 $2 (33.
Rg1 $17 $142) 33... Bxg2+ $19 34. Kxg2 d2 (34... d2 35. Bxd2 Qxd2+ 36. Kh3 Qd7+
37. Kg2 Qc6+ 38. Kh3 38... Rd5 $19) 0-1

[Event "Bad Woerishofen op"]
[Site "Bad Woerishofen"]
[Date "2001.??.??"]
[Round "8"]
[White "Oud, Niek"]
[Black "von Saldern, Ruediger"]
[Result "0-1"]
[WhiteElo "2170"]
[BlackElo "2148"]
[Annotator "ChessOrg"]
[PlyCount "164"]
[EventDate "1998.03.05"]
[Source "ChessBase"]
[SourceDate "1998.04.29"]

1. d4 {D63: Damengambit (Hauptvariante mit 7.Tc1)} 1... d5 2. c4 e6 3. Nc3 Nf6
4. Bg5 Nbd7 5. e3 Be7 6. Nf3 O-O 7. Rc1 h6 8. Bh4 Re8 9. cxd5 {letzter Buchzug}
9... exd5 10. Bd3 c6 11. O-O Ne4 12. Bxe7 (12. Nxe4 $2 12... dxe4 (12... Bxh4
$6 13. Nd6 (13. Nxh4 $2 13... dxe4 (13... Qxh4 $6 14. Nd6 Rd8 15. Nf5 $11) 14.
Nf5 14... exd3 $19) 13... Rf8 14. Nxh4 Qxh4 15. Qf3 $14) 13. Bxe7 13... Qxe7
$19) (12. Bxe4 $6 12... Bxh4 13. Nxh4 13... Qxh4 $11) 12... Qxe7 13. Bb1 Ndf6
14. Ne5 Bf5 15. f3 Nxc3 16. Rxc3 (16. bxc3 16... Be6 $11) 16... Bxb1 $15 17.
Qxb1 Nd7 18. f4 (18. Nxd7 Qxd7 19. Qd3 19... Rad8 $11) 18... Nf6 $17 (18...
Nxe5 $6 19. fxe5 Rf8 20. e4 $11) 19. Qd1 Ne4 20. Rc2 f6 21. Ng6 Qf7 22. f5 Nd6
23. Qf3 Re4 24. Re2 Rae8 25. g4 Nb5 26. Rfe1 Nc7 27. h4 Ne6 28. Kf1 Nf8 29. Nf4
Qe7 30. Nd3 b6 (30... Qd8 $5 $11 $142) 31. Nf2 $16 31... Qd6 32. Nxe4 Rxe4 33.
Rd1 Nd7 34. Rdd2 Kh7 35. h5 c5 36. Kg2 c4 37. Qg3 Qc6 38. Kf3 (38. Rd1 Qa4 39.
Ra1 39... a6 $16) 38... b5 39. Rc2 b4 40. Qe1 a5 41. Rc1 Nb6 42. b3 c3 43. Qd1
Nc8 44. a3 (44. Re1 44... Nd6 $11) 44... Nd6 (44... bxa3 $143 45. Qd3 Ne7 46.
Qxc3 $18) 45. axb4 axb4 46. Ra1 Re7 47. Rea2 Ne4 48. Qc2 (48. Kg2 Rc7 49. Qe2
49... Qd6 $11) 48... Qd6 (48... Nd2+ 49. Kg2 49... Rxe3 $19) 49. Qh2 $4 (49.
Qg2 49... Rc7 $14) 49... Qc6 $4 (49... Ng5+ $5 $142 50. Kg2 Qxh2+ 51. Kxh2
51... Rxe3 $17) 50. Ra8 (50. Qe2 $5 $14) 50... Nd2+ $15 51. Kf2 Nxb3 52. Qb8 $4
(52. R1a6 Qxa6 53. Rxa6 $18) 52... Re8 $1 $19 53. Qxe8 Qxe8 54. Rxe8 Nxa1 55.
Ke2 (55. Ra8 b3 56. Rxa1 $19) 55... Nc2 (55... b3 $142 56. Rb8 56... b2 $19)
56. Rb8 $18 56... g6 57. hxg6+ (57. fxg6+ Kg7 58. Rb7+ 58... Kg8 $18) 57... Kg7
58. Rb7+ Kg8 59. e4 (59. Rb5 $18 $142) 59... dxe4 (59... Nxd4+ 60. Kd3 60... c2
$14) 60. d5 (60. Rc7 Nxd4+ 61. Ke3 $11) 60... b3 (60... Nd4+ 61. Kf2 b3 62. d6
$11) 61. d6 Nd4+ 62. Kf2 62... c2 $4 (62... b2 $142 63. Rb8+ 63... Kg7 $11) 63.
Rc7 $18 63... e3+ 64. Kg2 (64. Kxe3 $6 64... b2 65. Rc8+ Kg7 66. Rc7+ Kg8 67.
Rc8+ Kg7 68. Rc7+ 68... Kg8 $11) 64... e2 65. Rc8+ (65. d7 Nc6 66. Rxc6 e1=N+
67. Kf1 Kg7 68. d8=Q c1=Q 69. Qe7+ Kg8 70. Qf7+ Kh8 71. Qh7#) 65... Kg7 $11 66.
d7 Ne6 67. fxe6 e1=Q 68. Rg8+ Kxg8 69. d8=Q+ Kg7 70. Qe7+ $4 (70. Qd7+ $142
70... Kxg6 71. Qd3+ f5 72. Qxf5+ Kg7 73. Qf7+ Kh8 74. Qf6+ Kg8 75. Qf7+ Kh8 76.
Qf6+ Kh7 77. Qf7+ 77... Kh8 $11) 70... Kxg6 $19 71. Qf7+ Kg5 72. Qh5+ Kf4 73.
Qf5+ Ke3 74. e7 (74. Qc5+ Kd2 75. Qd4+ Ke2 76. Qc4+ Kd1 77. Qxb3 Qe4+ 78. Kg3
78... Kd2 $19) 74... Qe2+ 75. Kh3 (75. Kg3 $142 75... Kd4 76. Qxf6+ Kc5 77. Qf8
Qe3+ 78. Kg2 $19) 75... Qf3+ 76. Qxf3+ Kxf3 77. e8=Q c1=Q 78. Qa8+ Ke3 79. Qa7+
Kd3 80. Qa6+ Kc2 81. Qc4+ Kb2 82. Qe2+ Qc2 (82... Qc2 83. Qb5 83... Qf2 $19)
0-1